000 00412nam a2200181Ia 4500
001 3670
005 20260306145700.0
008 260306t2007||||xx |||||||||||||| ||spa||
041 _aESP
082 _a301.0981
_bZ32
100 _aZanotelli, Jandir Joao
_eAUT
245 0 _aAmérica Latina
260 _c2007
300 _a163 páginas :
_ccm.
650 _aGEN
654 _aCHU
942 _cLIB
_dJUS
_fJUS
_2ddc
_n
999 _c3670
_d3670